000 00349nam a2200145 i 4500
001 bg
100 1 _aMLAK, Włodzimierz
245 0 _aWstęp do teorii przestrzeni Hilberta /
_cWłodzimierz Mlak.
250 _aWyd.3.
260 _aWarszawa,
_c1982.
040 _cBPK
041 _apol
942 _cKS
008 s pl f |000 0 pol
999 _c20296
_d20296
856 _uhttp://koha.tu.koszalin.pl/cgi-bin/koha/opac-detail.pl?biblionumber=20296
_yKatalog online BPK